00342nam a2200145Ia 4500008004100000084001400041100002200055245002600077250002000103260000900123260000900132260001100141300000900152500003500161180424s9999 xx 000 0 und d a332.11 S1 a"Sattainathan, N" 0aReserve Bank of India a\\197500ENGGPCX aNCBH b1975 cMadras a400p aincludes index and biblioraphy